Online Catalogue and eLibrary

Seduction & Theory: (Record no. 1595)

MARC details
000 -LEADER
fixed length control field 00457nam a2200169Ia 4500
005 - DATE AND TIME OF LATEST TRANSACTION
control field 20250117014802.0
008 - FIXED-LENGTH DATA ELEMENTS--GENERAL INFORMATION
fixed length control field 240331s9999 xx 000 0 und d
020 ## - INTERNATIONAL STANDARD BOOK NUMBER
ISBN 0252060636
082 ## - DDC Classification
Item Number - Author Mark DIA
DDC Edition Number 3558
Class No. 305.3
245 #0 - TITLE STATEMENT
Title Seduction & Theory:
Remainder of title Reading of Gender, Representation, and Rhetoric
260 ## - PUBLICATION, DISTRIBUTION, ETC.
Place of publication, distribution, etc. Chicago
Name of publisher, distributor, etc. University of Illinois Press
Date of publication, distribution, etc. 1989
300 ## - PHYSICAL DESCRIPTION
Extent (e.g. Volumes, Pages etc.) vii, 250 p.,
650 ## - SUBJECT ADDED ENTRY--TOPICAL TERM
Topical term or geographic name entry element Gender
650 ## - SUBJECT ADDED ENTRY--TOPICAL TERM
Topical term or geographic name entry element Women
650 ## - SUBJECT ADDED ENTRY--TOPICAL TERM
Topical term or geographic name entry element Feminism
942 ## - Koha item type (Biblio)
Koha item type Books in Stacks (Lending)
Holdings
Lost status Damaged status Collection code Home library Current library Shelving location Date acquired Full call number Accession Number Item type
    Lending WERC Library WERC Library Social Science Cupboard 03/31/2024 305.3 Hun 3558 Books in Stacks (Lending)

© WERC Library